[Event "Frauenbundesliga 2015/2016"]
[Site "Mattersburg/ St. Veit/ Graz"]
[Date "2016.02.27"]
[Round "5"]
[Board "2"]
[White "Anker, Christin"]
[Black "Froewis, Annika"]
[Result "0-1"]
[WhiteElo "1822"]
[BlackElo "2061"]
[PlyCount "98"]
[EventDate "2015.11.06"]
[EventType "team"]
[EventRounds "7"]
[EventCountry "AUT"]
[WhiteTeam "Schach ohne Grenzen"]
[BlackTeam "SK Dornbirn"]

1. e4 e5 2. Nf3 Nc6 3. Bc4 Bc5 4. c3 Nf6 5. d4 exd4 6. e5 d5 7. Be2 Ne4 8. cxd4
Bb6 9. O-O O-O 10. Nc3 f6 11. Na4 Bg4 12. Nxb6 axb6 13. Be3 Bxf3 14. gxf3 Ng5
15. f4 Nf7 16. Kh1 f5 17. Rg1 Qh4 18. Rg3 Kh8 19. Qg1 Qh6 20. Qg2 Ne7 21. Rh3
Qe6 22. Rg1 Rg8 23. a3 g6 24. Rc1 Rac8 25. Rg3 Nd8 26. Bf3 Qf7 27. Qf1 Ne6 28.
Qb5 Rcd8 29. Rgg1 Qg7 30. a4 Qh6 31. Qb4 Nc6 32. Qd2 Qh4 33. Rg2 g5 34. Qd3
gxf4 35. Qxf5 Rxg2 36. Bxg2 fxe3 37. Qxe6 Nxd4 38. Qf7 exf2 39. Rxc7 Ne2 40.
Qf6+ Qxf6 41. exf6 d4 42. Re7 d3 43. f7 Rf8 44. Bf1 Nf4 45. h4 Kg7 46. Rxb7
Rxf7 47. Rxb6 Rd7 48. Rb4 d2 49. Rxf4 d1=Q 0-1

[Event "Frauenbundesliga 2015/2016"]
[Site "Mattersburg/ St. Veit/ Graz"]
[Date "2016.02.27"]
[Round "5"]
[Board "3"]
[White "Breder, Jana"]
[Black "Kimpel, Janine"]
[Result "1-0"]
[WhiteElo "1855"]
[BlackElo "1906"]
[PlyCount "93"]
[EventDate "2015.11.06"]
[EventType "team"]
[EventRounds "7"]
[EventCountry "AUT"]
[WhiteTeam "SK Dornbirn"]
[BlackTeam "Schach ohne Grenzen"]

1. d4 d5 2. c4 e6 3. Nc3 Nf6 4. Bg5 Be7 5. e3 O-O 6. Nf3 h6 7. Bh4 b6 8. Rc1
Bb7 9. Bd3 Nbd7 10. cxd5 exd5 11. Qc2 c5 12. dxc5 Nxc5 13. O-O Nfe4 14. Bxe7
Qxe7 15. Rfd1 Rac8 16. Be2 Rfd8 17. Nd4 Qe5 18. Bg4 Ra8 19. b4 Na6 20. a3 Rf8
21. Qa4 f5 22. Be2 Nc7 23. Ncb5 Nxb5 24. Bxb5 f4 25. Nf3 Qe7 26. Qb3 Kh8 27.
Bc6 Bxc6 28. Rxc6 fxe3 29. Qxe3 Qe8 30. Rdc1 Rd8 31. Qd4 Qf7 32. Rxh6+ Kg8 33.
Rhc6 Rde8 34. Rc7 Qf6 35. Qxd5+ Kh8 36. Qh5+ Kg8 37. Qd5+ Kh8 38. R7c6 Qf4 39.
Qh5+ Kg8 40. Qd5+ Kh8 41. R6c4 Qg4 42. h3 Nf6 43. Rxg4 Nxd5 44. Rd1 Nf6 45.
Rgd4 Rc8 46. Ne5 Rfe8 47. Nf7+ 1-0

[Event "Frauenbundesliga 2015/2016"]
[Site "Mattersburg/ St. Veit/ Graz"]
[Date "2016.02.27"]
[Round "5"]
[Board "4"]
[White "Moerwald, Magdalena"]
[Black "Pilsan, Martha"]
[Result "1/2-1/2"]
[WhiteElo "1624"]
[BlackElo "1658"]
[PlyCount "113"]
[EventDate "2015.11.06"]
[EventType "team"]
[EventRounds "7"]
[EventCountry "AUT"]
[WhiteTeam "Schach ohne Grenzen"]
[BlackTeam "SK Dornbirn"]

1. e4 e5 2. Nf3 Nc6 3. d4 exd4 4. Bc4 Nf6 5. e5 d5 6. Bb5 Ne4 7. Nxd4 Bd7 8.
Nxc6 bxc6 9. Bd3 Nc5 10. O-O Nxd3 11. Qxd3 Bc5 12. Be3 Bb6 13. Nd2 Be6 14. Nb3
Qe7 15. Qc3 O-O 16. Nc5 Bf5 17. a4 Rfe8 18. a5 Bxc5 19. Bxc5 Qg5 20. f4 Qg6 21.
Rf3 Re6 22. Rg3 Qh6 23. Be3 Rg6 24. Qd2 Rxg3 25. hxg3 Qg6 26. Qf2 a6 27. c3 Rb8
28. b4 Be4 29. Rc1 Qf5 30. Qe1 Bd3 31. Bf2 Qe4 32. Qe3 Qxe3 33. Bxe3 Re8 34.
Ra1 Bc4 35. Bf2 Re6 36. Ba7 Kf8 37. Bb8 Re7 38. Ba7 Ke8 39. Kf2 Kd7 40. Rh1 Bd3
41. Bc5 Re6 42. Bf8 g5 43. Rh6 Rxh6 44. Bxh6 g4 45. Bg5 Be4 46. Bh4 c5 47. bxc5
Kc6 48. Be7 Kb5 49. Bd8 Kxc5 50. Bxc7 Kc4 51. Bb6 Kxc3 52. Ke3 Bxg2 53. f5 Be4
54. e6 fxe6 55. fxe6 Bg6 56. Bd4+ Kb4 57. Bb6 1/2-1/2

[Event "Frauenbundesliga 2015/2016"]
[Site "Mattersburg/ St. Veit/ Graz"]
[Date "2016.02.27"]
[Round "5"]
[Board "1"]
[White "Exler, Veronika"]
[Black "Derakhshani, Dorsa"]
[Result "1/2-1/2"]
[WhiteElo "2211"]
[BlackElo "2386"]
[PlyCount "57"]
[EventDate "2015.11.06"]
[EventType "team"]
[EventRounds "7"]
[EventCountry "AUT"]
[WhiteTeam "ASVOE Wulkaprodersdorf"]
[BlackTeam "Chessgraz"]

1. d4 f5 2. Nf3 g6 3. g3 Nf6 4. Bg2 Bg7 5. c4 d6 6. O-O O-O 7. Nc3 c6 8. d5 e5
9. dxe6 Bxe6 10. b3 Na6 11. Bf4 Nh5 12. Bg5 Qd7 13. Qd2 Nc7 14. Rad1 Ne8 15.
Nd4 Bf7 16. Rfe1 Nef6 17. Nf3 Rad8 18. e4 fxe4 19. Nxe4 Nxe4 20. Rxe4 Nf6 21.
Rd4 Ne8 22. Bxd8 Qxd8 23. Rxd6 Nxd6 24. Qxd6 Qa5 25. Qd2 Bc3 26. Qh6 Bg7 27.
Qd2 Bc3 28. Qh6 Bg7 29. Qd2 1/2-1/2

[Event "Frauenbundesliga 2015/2016"]
[Site "Mattersburg/ St. Veit/ Graz"]
[Date "2016.02.27"]
[Round "5"]
[Board "2"]
[White "Truszkiewicz, Eliza"]
[Black "Kopinits, Anna-Christina"]
[Result "1/2-1/2"]
[WhiteElo "1909"]
[BlackElo "2267"]
[PlyCount "131"]
[EventDate "2015.11.06"]
[EventType "team"]
[EventRounds "7"]
[EventCountry "AUT"]
[WhiteTeam "Chessgraz"]
[BlackTeam "ASVOE Wulkaprodersdorf"]

1. e4 c6 2. d4 d5 3. exd5 cxd5 4. Bd3 Nc6 5. c3 Nf6 6. Ne2 Bg4 7. h3 Bh5 8. Qc2
Bg6 9. Bxg6 hxg6 10. Ng3 Qc7 11. Be3 e6 12. Nd2 Bd6 13. Ne2 b5 14. Rc1 O-O 15.
Bg5 Nh5 16. Qd3 Rfc8 17. Qf3 Be7 18. h4 e5 19. g4 Nf4 20. Bxf4 exf4 21. Qxf4
Qd7 22. h5 Bd6 23. Qf3 Qe6 24. Kf1 Re8 25. h6 gxh6 26. Rxh6 Kg7 27. Rh1 Rac8
28. Kg2 Rh8 29. Nf4 Bxf4 30. Qxf4 Rce8 31. Nf3 b4 32. Rce1 Qf6 33. Qxf6+ Kxf6
34. Rxh8 Rxh8 35. Ne5 Nxe5 36. Rxe5 bxc3 37. bxc3 Rd8 38. g5+ Kg7 39. Re7 a6
40. Rc7 Rd6 41. Kf3 Kf8 42. Kf4 f6 43. a4 Ke8 44. a5 Kd8 45. Rc5 Ke7 46. gxf6+
Rxf6+ 47. Kg3 Kd6 48. f4 Rf8 49. Kg4 Rh8 50. Kg3 Rf8 51. c4 dxc4 52. Rxc4 Rf5
53. Rc5 Rxc5 54. dxc5+ Kxc5 55. Kg4 Kd4 56. Kg5 Ke4 57. Kxg6 Kxf4 58. Kf6 Ke4
59. Ke6 Kf4 60. Kd6 Kf5 61. Kc6 Ke6 62. Kb6 Kd6 63. Kxa6 Kc6 64. Ka7 Kc7 65.
Ka8 Kc8 66. a6 1/2-1/2

[Event "Frauenbundesliga 2015/2016"]
[Site "Mattersburg/ St. Veit/ Graz"]
[Date "2016.02.27"]
[Round "5"]
[Board "3"]
[White "Boric, Elena"]
[Black "Schmidbauer, Andrea"]
[Result "1-0"]
[WhiteElo "2208"]
[BlackElo "1876"]
[PlyCount "103"]
[EventDate "2015.11.06"]
[EventType "team"]
[EventRounds "7"]
[EventCountry "AUT"]
[WhiteTeam "ASVOE Wulkaprodersdorf"]
[BlackTeam "Chessgraz"]

1. e4 e6 2. Qe2 d5 3. exd5 Qxd5 4. Nc3 Qd8 5. Nf3 Nf6 6. g3 Be7 7. Bg2 O-O 8.
O-O Nbd7 9. d4 Nd5 10. Ne4 c5 11. c4 N5f6 12. Nxf6+ Nxf6 13. Be3 Qa5 14. a3
cxd4 15. Bxd4 Bd7 16. Ne5 Rab8 17. b4 Qa6 18. Qb2 Ba4 19. b5 Qa5 20. Rfc1 Rfd8
21. Bc3 Qc7 22. Bb4 a5 23. Bxe7 Qxe7 24. Qc3 Qc7 25. Rab1 Rbc8 26. b6 Qc5 27.
h3 Rd6 28. Nd3 Qf5 29. Ne5 Rc5 30. Re1 Nd7 31. Nxd7 Rxd7 32. Rbc1 Kf8 33. Qe3
g6 34. g4 Qg5 35. Qxg5 Rxg5 36. c5 h5 37. f4 Rgd5 38. Bxd5 Rxd5 39. Kf2 h4 40.
Ke3 Ke7 41. Rc3 Bb5 42. Rb1 Bc6 43. Rbc1 f6 44. Rd3 g5 45. Rxd5 Bxd5 46. fxg5
fxg5 47. Kd4 Bg2 48. Rc2 Bd5 49. Ke5 Bc6 50. Rd2 Bb5 51. Rd6 Bf1 52. c6 1-0

[Event "Frauenbundesliga 2015/2016"]
[Site "Mattersburg/ St. Veit/ Graz"]
[Date "2016.02.27"]
[Round "5"]
[Board "4"]
[White "Kaser, Gabriele"]
[Black "Rampler, Evelyn"]
[Result "0-1"]
[WhiteElo "1266"]
[BlackElo "1840"]
[PlyCount "76"]
[EventDate "2015.11.06"]
[EventType "team"]
[EventRounds "7"]
[EventCountry "AUT"]
[WhiteTeam "Chessgraz"]
[BlackTeam "ASVOE Wulkaprodersdorf"]

1. Nf3 d5 2. c4 dxc4 3. Qa4+ Bd7 4. Qxc4 Nc6 5. d4 e6 6. a3 Nf6 7. Bg5 Be7 8.
Nc3 O-O 9. e4 a6 10. Be2 h6 11. Be3 Na7 12. O-O Nb5 13. Qd3 Bc6 14. e5 Nxc3 15.
bxc3 Be4 16. Qd1 Nd5 17. Bd2 c5 18. a4 Rc8 19. Rc1 c4 20. Ne1 Ba3 21. Ra1 Bb2
22. Rc1 Qa5 23. f3 Bh7 24. Nc2 Bxc1 25. Qxc1 Qxa4 26. Ne3 Nxe3 27. Bxe3 b5 28.
Rd1 Rfd8 29. Bd2 Qa5 30. f4 Be4 31. Be1 Qb6 32. Bf2 Qb7 33. g3 Bf3 34. Qd2 Bxe2
35. Qxe2 a5 36. Qa2 Ra8 37. Rb1 Qd5 38. Qb2 Rdb8 0-1

[Event "Frauenbundesliga 2015/2016"]
[Site "Mattersburg/ St. Veit/ Graz"]
[Date "2016.02.27"]
[Round "5"]
[Board "1"]
[White "Horvath, Reka"]
[Black "Landl, Margot"]
[Result "1-0"]
[WhiteElo "2036"]
[BlackElo "1881"]
[PlyCount "67"]
[EventDate "2015.11.06"]
[EventType "team"]
[EventRounds "7"]
[EventCountry "AUT"]
[WhiteTeam "Spg. Feldbach-Kirchberg"]
[BlackTeam "tschaturanga"]

1. Nf3 Nf6 2. g3 g6 3. Bg2 Bg7 4. O-O O-O 5. d4 d5 6. c4 c6 7. cxd5 cxd5 8. Nc3
Nc6 9. Ne5 Bf5 10. Bg5 Nxe5 11. dxe5 Ne4 12. Nxe4 dxe4 13. Qa4 Bxe5 14. Bxe4
Bxe4 15. Qxe4 f6 16. Be3 Qd7 17. Rfd1 Qb5 18. Bd4 Bd6 19. Bc3 Rac8 20. Qe6+ Kg7
21. Rd5 Rc5 22. Rad1 Rxd5 23. Rxd5 Qc6 24. h4 h5 25. e4 Qc7 26. Kg2 Rf7 27. Rd4
Qc6 28. Rc4 Qa6 29. Rc8 Rf8 30. e5 Bxe5 31. Qxe7+ Rf7 32. Qe8 Rc7 33. Qf8+ Kh7
34. Qh8# 1-0

[Event "Frauenbundesliga 2015/2016"]
[Site "Mattersburg/ St. Veit/ Graz"]
[Date "2016.02.27"]
[Round "5"]
[Board "3"]
[White "Wilfling, Sandra"]
[Black "Steiner, Magdalena"]
[Result "1-0"]
[WhiteElo "1835"]
[BlackElo "1738"]
[PlyCount "67"]
[EventDate "2015.11.06"]
[EventType "team"]
[EventRounds "7"]
[EventCountry "AUT"]
[WhiteTeam "Spg. Feldbach-Kirchberg"]
[BlackTeam "tschaturanga"]

1. d4 Nf6 2. c4 g6 3. Nc3 Bg7 4. e4 d6 5. Nf3 O-O 6. Be2 e5 7. O-O Nc6 8. d5
Ne7 9. Ne1 Nd7 10. Be3 f5 11. f3 f4 12. Bf2 g5 13. Rc1 h5 14. c5 Nxc5 15. b4
Nd7 16. Nb5 c6 17. dxc6 Nxc6 18. Nxd6 Nd4 19. Bc4+ Kh7 20. Bd5 Qb6 21. Nf5 Qxb4
22. Rc4 Qb5 23. Nxg7 Kxg7 24. Bxd4 exd4 25. Qxd4+ Kg6 26. Nd3 Qb6 27. e5 Qxd4+
28. Rxd4 Nb6 29. Be4+ Kf7 30. Nc5 Rb8 31. Rd6 Re8 32. Bg6+ Ke7 33. Bxe8 Kxe8
34. Rg6 1-0

[Event "Frauenbundesliga 2015/2016"]
[Site "Mattersburg/ St. Veit/ Graz"]
[Date "2016.02.27"]
[Round "5"]
[Board "4"]
[White "Zakirova, Yana"]
[Black "Horvath, Orsolya"]
[Result "1/2-1/2"]
[WhiteElo "1487"]
[BlackElo "1899"]
[PlyCount "87"]
[EventDate "2015.11.06"]
[EventType "team"]
[EventRounds "7"]
[EventCountry "AUT"]
[WhiteTeam "tschaturanga"]
[BlackTeam "Spg. Feldbach-Kirchberg"]

1. b4 e6 2. Bb2 Nf6 3. b5 d5 4. e3 c6 5. a4 Be7 6. Nf3 O-O 7. Be2 Nbd7 8. d4
Bb4+ 9. Nbd2 Ne4 10. O-O Ndf6 11. c4 Bd7 12. Nxe4 Nxe4 13. Rc1 Rc8 14. Qb3 Be7
15. Rfd1 Qa5 16. Ne5 Rfd8 17. bxc6 Bxc6 18. Nxc6 bxc6 19. cxd5 Rb8 20. Qa2 cxd5
21. f3 Nd6 22. Bc3 Qb6 23. Rb1 Qc7 24. Rxb8 Rxb8 25. Be1 f6 26. Rb1 Nf5 27.
Rxb8+ Qxb8 28. Bd2 Qb7 29. Bd3 Nd6 30. Qb1 Qxb1+ 31. Bxb1 Nc4 32. Bc1 Bb4 33.
Kf2 g6 34. Ba2 Nb6 35. Bb3 Kf7 36. Ke2 Ke7 37. Bb2 Kd6 38. Kd3 e5 39. e4 a5 40.
dxe5+ fxe5 41. exd5 Nxd5 42. g3 Nf6 43. Ke3 Nd5+ 44. Kd3 1/2-1/2

[Event "Frauenbundesliga 2015/2016"]
[Site "Mattersburg/ St. Veit/ Graz"]
[Date "2016.02.27"]
[Round "5"]
[Board "1"]
[White "Schnegg, Anna-Lena"]
[Black "Mar, Karmen"]
[Result "1-0"]
[WhiteElo "2149"]
[BlackElo "2074"]
[PlyCount "63"]
[EventDate "2015.11.06"]
[EventType "team"]
[EventRounds "7"]
[EventCountry "AUT"]
[WhiteTeam "Mayrhofen/SK Zell/Zillertal"]
[BlackTeam "SC Extraherb WS"]

1. e4 c5 2. Nf3 d6 3. d4 cxd4 4. Nxd4 Nf6 5. Nc3 e6 6. g4 h6 7. Bg2 a6 8. h3
Qc7 9. f4 Bd7 10. Be3 Nc6 11. Qe2 Rc8 12. O-O b5 13. a3 Be7 14. g5 Ng8 15. g6
f6 16. Nb3 Bd8 17. f5 Nge7 18. fxe6 Bxe6 19. Qh5 Ng8 20. Nd5 Qb7 21. c3 Ne5 22.
Nd4 Bxd5 23. exd5 Bb6 24. Rae1 Rc4 25. Kh1 Kd8 26. Ne6+ Kc8 27. Bxb6 Qxb6 28.
Nxg7 Qa7 29. Nf5 Ne7 30. Nxd6+ Kb8 31. Nxc4 bxc4 32. Rxe5 1-0

[Event "Frauenbundesliga 2015/2016"]
[Site "Mattersburg/ St. Veit/ Graz"]
[Date "2016.02.27"]
[Round "5"]
[Board "2"]
[White "Zechner, Andrea"]
[Black "Wu, Min"]
[Result "0-1"]
[WhiteElo "1892"]
[BlackElo "1886"]
[PlyCount "96"]
[EventDate "2015.11.06"]
[EventType "team"]
[EventRounds "7"]
[EventCountry "AUT"]
[WhiteTeam "SC Extraherb WS"]
[BlackTeam "Mayrhofen/SK Zell/Zillertal"]

1. d4 Nf6 2. c4 e6 3. Nc3 Bb4 4. e3 c5 5. Nge2 cxd4 6. exd4 d5 7. a3 Be7 8. Nf4
O-O 9. cxd5 Nxd5 10. Ncxd5 exd5 11. Bd3 Bg5 12. O-O Bxf4 13. Bxf4 Qf6 14. Qh5
h6 15. Be5 Qg5 16. Qf3 Be6 17. Bxb8 Raxb8 18. Rfe1 Rbc8 19. Rad1 Bg4 20. Qg3
Bxd1 21. Qxg5 hxg5 22. Rxd1 Rfe8 23. g3 g6 24. Kg2 Re6 25. Kf3 Kg7 26. Kg2 Rb6
27. Rd2 Rb3 28. Be2 Rc1 29. Bf3 Rb5 30. Be2 Rb6 31. Bf3 Rd6 32. Re2 Rb1 33. Rc2
Kf6 34. Kh3 Re1 35. Rc5 b6 36. Rc7 a5 37. Kg2 Re7 38. Rc3 g4 39. Bxg4 Re4 40.
Bf3 Rxd4 41. h4 Rd2 42. Rb3 Rc2 43. g4 d4 44. Be4 Rd2 45. a4 d3 46. Kf3 Rd1 47.
Ke3 Re1+ 48. Kf4 d2 0-1

[Event "Frauenbundesliga 2015/2016"]
[Site "Mattersburg/ St. Veit/ Graz"]
[Date "2016.02.27"]
[Round "5"]
[Board "4"]
[White "Mattersberger, Melanie"]
[Black "Roeck, Vanessa"]
[Result "1/2-1/2"]
[WhiteElo "1637"]
[BlackElo "1616"]
[PlyCount "51"]
[EventDate "2015.11.06"]
[EventType "team"]
[EventRounds "7"]
[EventCountry "AUT"]
[WhiteTeam "SC Extraherb WS"]
[BlackTeam "Mayrhofen/SK Zell/Zillertal"]

1. e4 d6 2. d4 Nf6 3. Nc3 g6 4. Nf3 Bg7 5. Bc4 O-O 6. O-O Bg4 7. h3 Bxf3 8.
Qxf3 Nc6 9. Be3 e5 10. Rad1 exd4 11. Bxd4 Nxd4 12. Rxd4 Nd7 13. Rd2 Ne5 14. Qe2
Nxc4 15. Qxc4 Rc8 16. Re1 Re8 17. Rd3 Bxc3 18. Qxc3 Re5 19. Qxe5 dxe5 20. Rxd8+
Rxd8 21. Kf1 Rd2 22. Re2 Rd1+ 23. Re1 Rd2 24. Re2 Rd1+ 25. Re1 Rd2 26. Re2
 1/2-1/2

[Event "Frauenbundesliga 2015/2016"]
[Site "Mattersburg/ St. Veit/ Graz"]
[Date "2016.02.27"]
[Round "5"]
[Board "1"]
[White "Hiebler, Laura"]
[Black "Trippold, Denise"]
[Result "1/2-1/2"]
[WhiteElo "2107"]
[BlackElo "2083"]
[PlyCount "69"]
[EventDate "2015.11.06"]
[EventType "team"]
[EventRounds "7"]
[EventCountry "AUT"]
[WhiteTeam "SV Autohof St. Veit/Glan"]
[BlackTeam "SK Baden"]

1. c4 c5 2. Nc3 Nc6 3. g3 g6 4. Bg2 Bg7 5. Nf3 e6 6. O-O Nge7 7. d4 cxd4 8. Nb5
d5 9. cxd5 Nxd5 10. Nbxd4 Nxd4 11. Nxd4 O-O 12. e4 Nb6 13. Nb5 Qxd1 14. Rxd1
Bd7 15. Nd6 Bc6 16. Rb1 Rfd8 17. b3 Nc8 18. Ba3 Nxd6 19. Bxd6 Bf8 20. Bxf8 Kxf8
21. e5 Bxg2 22. Kxg2 Ke7 23. Rxd8 Rxd8 24. Rc1 Rd7 25. Rc8 h5 26. h4 a5 27. Kf3
Rd2 28. Rc7+ Ke8 29. Rxb7 Rxa2 30. Ke3 Rb2 31. Rb8+ Ke7 32. Rb7+ Kf8 33. Rb8+
Ke7 34. Rb7+ Kf8 35. Rb8+ 1/2-1/2

[Event "Frauenbundesliga 2015/2016"]
[Site "Mattersburg/ St. Veit/ Graz"]
[Date "2016.02.27"]
[Round "5"]
[Board "2"]
[White "Lymysalo, Venla"]
[Black "Polterauer, Chiara"]
[Result "0-1"]
[WhiteElo "1756"]
[BlackElo "1962"]
[PlyCount "64"]
[EventDate "2015.11.06"]
[EventType "team"]
[EventRounds "7"]
[EventCountry "AUT"]
[WhiteTeam "SK Baden"]
[BlackTeam "SV Autohof St. Veit/Glan"]

1. d4 d5 2. c4 e6 3. Nc3 Nf6 4. cxd5 exd5 5. Bg5 Be7 6. e3 c6 7. Qc2 Nbd7 8.
Bd3 O-O 9. Nf3 Re8 10. O-O g6 11. Rab1 Nh5 12. Bxe7 Qxe7 13. b4 a6 14. a4 Nb6
15. Nd2 Ng7 16. b5 cxb5 17. axb5 a5 18. Ra1 Bf5 19. Nb3 Rec8 20. Nc5 Ra7 21.
Rfd1 Bxd3 22. Qxd3 Ne6 23. N5a4 Nxa4 24. Rxa4 Qd6 25. Qd2 b6 26. e4 dxe4 27.
Nxe4 Qf4 28. Qd3 Rac7 29. g3 Qf5 30. Qe2 Rd8 31. g4 Qf4 32. d5 Ng5 0-1

[Event "Frauenbundesliga 2015/2016"]
[Site "Mattersburg/ St. Veit/ Graz"]
[Date "2016.02.27"]
[Round "5"]
[Board "3"]
[White "Tarmastin, Laura"]
[Black "Stallinger, Vanessa"]
[Result "1-0"]
[WhiteElo "1837"]
[BlackElo "1757"]
[PlyCount "73"]
[EventDate "2015.11.06"]
[EventType "team"]
[EventRounds "7"]
[EventCountry "AUT"]
[WhiteTeam "SV Autohof St. Veit/Glan"]
[BlackTeam "SK Baden"]

1. b3 e5 2. Bb2 Nc6 3. e3 d6 4. Nf3 f5 5. c4 Nf6 6. Nc3 Be7 7. Be2 O-O 8. O-O
Qe8 9. Nb5 Bd8 10. d4 a6 11. Nc3 Qg6 12. Re1 Ng4 13. dxe5 dxe5 14. Nd5 Qh6 15.
h3 e4 16. hxg4 exf3 17. Bxf3 fxg4 18. Bxg4 Qh4 19. Bf3 Rf5 20. g3 Qh6 21. e4
Rf7 22. Qd3 Qg5 23. Bc1 Qg6 24. Bf4 Be6 25. Qe3 Bxd5 26. cxd5 Nb4 27. Rec1 Rxf4
28. Qxf4 Nd3 29. Qg4 Qf6 30. Kg2 Nxc1 31. Rxc1 Qd6 32. Qf4 Qd7 33. Bg4 Qe8 34.
Be6+ Kh8 35. e5 h6 36. Rh1 Bg5 37. Qxg5 1-0

[Event "Frauenbundesliga 2015/2016"]
[Site "Mattersburg/ St. Veit/ Graz"]
[Date "2016.02.27"]
[Round "5"]
[Board "4"]
[White "Lasinger, Melanie"]
[Black "Krassnitzer, Maria"]
[Result "0-1"]
[WhiteElo "1476"]
[BlackElo "1605"]
[PlyCount "56"]
[EventDate "2015.11.06"]
[EventType "team"]
[EventRounds "7"]
[EventCountry "AUT"]
[WhiteTeam "SK Baden"]
[BlackTeam "SV Autohof St. Veit/Glan"]

1. e4 g6 2. Nf3 Bg7 3. d4 d6 4. c3 Nc6 5. Qc2 a6 6. h3 e5 7. Be3 Bd7 8. Be2 f5
9. exf5 Bxf5 10. Qb3 b5 11. Ng5 d5 12. g4 exd4 13. gxf5 dxe3 14. Ne6 exf2+ 15.
Kxf2 Qh4+ 16. Kf1 Be5 17. Qxd5 Nge7 18. Qg2 gxf5 19. Rg1 Qh6 20. Ng7+ Bxg7 21.
Qxg7 Qf4+ 22. Ke1 O-O-O 23. Qg5 Qe5 24. Rf1 Rhg8 25. Qf4 Qe6 26. Na3 Ne5 27.
Kf2 Qb6+ 28. Qe3 Rg2+ 0-1

[Event "Frauenbundesliga 2015/2016"]
[Site "Mattersburg/ St. Veit/ Graz"]
[Date "2016.04.16"]
[Round "6"]
[Board "1"]
[White "Theissl-Pokorna, Regina"]
[Black "Stangl, Anita"]
[Result "1/2-1/2"]
[WhiteElo "2345"]
[BlackElo "2063"]
[PlyCount "47"]
[EventDate "2015.11.06"]
[EventType "team"]
[EventRounds "7"]
[EventCountry "AUT"]
[WhiteTeam "ASVOE Pamhagen"]
[BlackTeam "Schach ohne Grenzen"]

1. e4 e6 2. d4 d5 3. Nd2 Nf6 4. Bd3 Be7 5. e5 Nfd7 6. Qg4 O-O 7. Ndf3 f5 8. Qg3
c5 9. Nh3 Qe8 10. Nf4 Bd8 11. c4 Ba5+ 12. Kf1 cxd4 13. cxd5 exd5 14. Nxd5 Nc6
15. Bf4 Kh8 16. a3 Nc5 17. Bc4 Ne4 18. Qh3 Be6 19. Ba2 Rd8 20. Rd1 Rc8 21. Rc1
Rd8 22. Rd1 Rc8 23. Rc1 Rd8 24. Rd1 1/2-1/2

[Event "Frauenbundesliga 2015/2016"]
[Site "Mattersburg/ St. Veit/ Graz"]
[Date "2016.04.16"]
[Round "6"]
[Board "2"]
[White "Anker, Christin"]
[Black "Batyte, Daiva"]
[Result "0-1"]
[WhiteElo "1822"]
[BlackElo "2189"]
[PlyCount "116"]
[EventDate "2015.11.06"]
[EventType "team"]
[EventRounds "7"]
[EventCountry "AUT"]
[WhiteTeam "Schach ohne Grenzen"]
[BlackTeam "ASVOE Pamhagen"]

1. e4 e6 2. d4 d5 3. exd5 exd5 4. Bd3 Nf6 5. Bf4 Be7 6. Ne2 b6 7. c3 c6 8. Nd2
Ba6 9. Bc2 Nbd7 10. O-O Nf8 11. Re1 Ne6 12. Bg3 O-O 13. Nf3 Ne4 14. Ne5 Rc8 15.
Nf4 Nxf4 16. Bxf4 f6 17. Nf3 f5 18. Ne5 Bh4 19. Bg3 Rc7 20. Qh5 Bxg3 21. fxg3
Qf6 22. Qf3 Rcf7 23. a4 Bb7 24. a5 Qd6 25. axb6 axb6 26. Qe3 g6 27. Bd3 Kg7 28.
Rf1 Re8 29. Qf4 Rd8 30. Ra7 c5 31. g4 Rdf8 32. Ra4 Rc7 33. Qe3 Bc8 34. Ra8 h6
35. gxf5 gxf5 36. Rf4 Qf6 37. Bxe4 dxe4 38. Qg3+ Kh7 39. Qf2 cxd4 40. Qxd4 Re8
41. Nf3 Qc6 42. Rxc8 Rexc8 43. Nh4 Rd7 44. Qe5 Qc5+ 45. Qxc5 Rxc5 46. Nxf5 Rd1+
47. Kf2 Rd2+ 48. Ke3 Rxg2 49. Kxe4 Rxh2 50. b4 Rxc3 51. Ke5 Re2+ 52. Kf6 Rc6+
53. Kf7 Rc7+ 54. Kf6 Rg2 55. Rh4 Rg6+ 56. Ke5 b5 57. Nd6 Re7+ 58. Kd5 Rge6 0-1

[Event "Frauenbundesliga 2015/2016"]
[Site "Mattersburg/ St. Veit/ Graz"]
[Date "2016.04.16"]
[Round "6"]
[Board "3"]
[White "Mira, Helene"]
[Black "Wunderl, Eva"]
[Result "1-0"]
[WhiteElo "2092"]
[BlackElo "1889"]
[PlyCount "55"]
[EventDate "2015.11.06"]
[EventType "team"]
[EventRounds "7"]
[EventCountry "AUT"]
[WhiteTeam "ASVOE Pamhagen"]
[BlackTeam "Schach ohne Grenzen"]

1. d4 d5 2. c4 e6 3. Nc3 Nf6 4. cxd5 exd5 5. Bg5 c6 6. e3 Bf5 7. Qb3 b6 8. Nf3
Be7 9. Be2 h6 10. Bh4 O-O 11. Ne5 Nfd7 12. Bxe7 Qxe7 13. Nd3 Qg5 14. O-O Nf6
15. f4 Qg6 16. Ne5 Qh7 17. Rac1 Nfd7 18. g4 Nxe5 19. fxe5 Be4 20. Nxe4 dxe4 21.
Rxf7 Rxf7 22. Rf1 Qg6 23. Rxf7 Kh7 24. Rf8 h5 25. Qg8+ Kh6 26. Qh8+ Qh7 27. g5+
Kg6 28. Rf6+ 1-0

[Event "Frauenbundesliga 2015/2016"]
[Site "Mattersburg/ St. Veit/ Graz"]
[Date "2016.04.16"]
[Round "6"]
[Board "4"]
[White "Kimpel, Janine"]
[Black "Kosc, Renata"]
[Result "1/2-1/2"]
[WhiteElo "1906"]
[BlackElo "2009"]
[PlyCount "95"]
[EventDate "2015.11.06"]
[EventType "team"]
[EventRounds "7"]
[EventCountry "AUT"]
[WhiteTeam "Schach ohne Grenzen"]
[BlackTeam "ASVOE Pamhagen"]

1. e4 c5 2. Nc3 Nc6 3. g3 e6 4. Bg2 Nf6 5. d3 d5 6. f4 Be7 7. e5 Ng8 8. Nf3 Nh6
9. O-O b6 10. Ne2 Qc7 11. c3 Bb7 12. a3 a5 13. Bd2 Ba6 14. d4 Rc8 15. Re1 Nf5
16. g4 Nh4 17. Be3 h5 18. g5 Nxg2 19. Kxg2 Bxe2 20. Qxe2 c4 21. Nh4 g6 22. Qc2
Rg8 23. Rf1 Qd7 24. Rac1 Kf8 25. Qf2 Bd8 26. Kh1 Ne7 27. Qc2 Nf5 28. Nxf5 exf5
29. h4 Be7 30. Bd2 Kg7 31. Rfe1 Rge8 32. Re2 Bf8 33. Rce1 Re6 34. Re3 Rb8 35.
Ra1 b5 36. b3 cxb3 37. Qxb3 a4 38. Qa2 Qc6 39. Rc1 Qc4 40. Qb2 Reb6 41. Kg2 Ra8
42. Rb1 Raa6 43. Kf2 Be7 44. Bc1 Kf8 45. Qe2 Ke8 46. Qd2 Kd7 47. Qe2 Ke6 48.
Qd2 1/2-1/2

[Event "Frauenbundesliga 2015/2016"]
[Site "Mattersburg/ St. Veit/ Graz"]
[Date "2016.04.16"]
[Round "6"]
[Board "1"]
[White "Exler, Veronika"]
[Black "Novkovic, Julia"]
[Result "1-0"]
[WhiteElo "2211"]
[BlackElo "2146"]
[PlyCount "85"]
[EventDate "2015.11.06"]
[EventType "team"]
[EventRounds "7"]
[EventCountry "AUT"]
[WhiteTeam "ASVOE Wulkaprodersdorf"]
[BlackTeam "SK Dornbirn"]

1. d4 Nf6 2. g3 e6 3. Bg2 d5 4. Nf3 c5 5. c4 cxd4 6. O-O Nc6 7. cxd5 Nxd5 8.
Nxd4 Nxd4 9. Qxd4 Qb6 10. Qxb6 axb6 11. Bxd5 exd5 12. Nc3 Ra5 13. Rd1 Be6 14.
Be3 Bb4 15. Bxb6 Bxc3 16. bxc3 Rb5 17. Rab1 Rxb1 18. Rxb1 O-O 19. Bc7 d4 20.
cxd4 Bd5 21. Rb5 Bc6 22. Rc5 Rc8 23. Bb6 Kf8 24. d5 Bd7 25. Rxc8+ Bxc8 26. e4
Bh3 27. f3 h5 28. Kf2 Ke7 29. Bc5+ Kd8 30. g4 hxg4 31. Kg3 g5 32. Be3 f6 33.
Bd4 Ke7 34. d6+ Kxd6 35. Bxf6 Bf1 36. Kxg4 Ke6 37. Bxg5 b5 38. a3 Ke5 39. h4
Bc4 40. h5 Be6+ 41. Kh4 Bg8 42. Be3 Bc4 43. Kg5 1-0